| 000 | 00670nab a2200181 4500 | ||
|---|---|---|---|
| 001 | 244442 | ||
| 003 | OSt | ||
| 005 | 20230517125415.0 | ||
| 007 | tu | ||
| 008 | 200917s2020||||||| | ||
| 040 |
_aDE-2950 _cDE-2950 |
||
| 245 | 0 | 0 |
_aCentermanager geht in Rente. _bPersonalie. Ralf Müller führte zwölf Jahre lang den Oderturm in Frankfurt - die höchste Gewerbe- und Büroimmobilie in Brandenburg. Jetzt blickt er zurück / _cRené Matschkowiak |
| 264 | _c2023 | ||
| 653 | _aFrankfurt (Oder) | ||
| 653 | _aMüller, Ralf; Centermanager Oderturm | ||
| 773 | 0 |
_g34. Jahrgang (2023) Nr. 113 vom 16.05.2023, Journal am Wochenende, S. 13 _tMärkische Oderzeitung |
|
| 942 |
_2z _cA |
||
| 999 |
_c372470 _d372470 |
||